MARC

LEADER 00000nam0a2200000 4500
001 46058
005 20231101211008.0
035 |a (RuTPU)RU\TPU\book\47968 
090 |a 46058 
100 |a 20021219d1976 m y0rusy50 ca 
101 0 |a rus 
102 |a RU 
105 |a a j 001zy 
200 1 |a Качественный химический дробный анализ  |e учебное пособие  |f В. И. Мурашова, А. Н. Тананаева, Р. Ф. Ховякова 
210 |a Москва  |c Химия  |d 1976 
215 |a 280 с.  |c ил. 
320 |a Библиогр.: с. 276. 
606 1 |a Качественный анализ  |2 stltpush  |3 (RuTPU)RU\TPU\subj\14163  |9 40626 
610 1 |a аналитическая химия 
610 1 |a ионы 
610 1 |a реакции 
610 1 |a химический дробный анализ 
610 1 |a катионы 
610 1 |a анионы 
610 1 |a учебные пособия 
675 |a 543.061(075.8)  |v 3 
700 1 |a Мурашова  |b В. И.  |g Варвара Ивановна 
701 1 |a Тананаева  |b А. Н.  |g Анна Николаевна 
701 1 |a Ховякова  |b Р. Ф.  |g Римма Федоровна 
801 1 |a RU  |b 63413507  |c 20021219  |g PSBO 
801 2 |a RU  |b 63413507  |c 20160321  |g PSBO 
942 |c BK